000 00800nam a2200229 a 4500
001 000017395
005 20240419183658.0
008 100324s2009 dr a 001 0 spa d
020 _a9789945404210
040 _aDO-SdBNP
_bspa
_cBNPHU
082 _a782.43
_bE75b
245 0 0 _aEse bolero es mío :
_bcancionero latinoamericano y dominicano /
_ccompilador León Félix Batista.
260 _aSanto Domingo :
_bSecretaría de Estado de Cultura,
_c2009.
300 _a148 p. :
_bil. ;
_c18 cm.
590 _aInventariado, 2018/LP
650 4 _aCancioneros
_938077
650 4 _aCanciones dominicanas
_919584
650 4 _aCanciones latinoamericanas
_919583
650 0 _aMúsica popular
_938078
700 1 _aBatista, León Félix,
_d1964-
_ecomp.
_912031
910 _aValidado. Control de calidad EMS.
999 _c16920
_d16920